Célèbres écrivains français (A-Z) - Statistiques

Statistiques générales
  • Ce quiz a été pris 785 fois
  • Le résultat moyen est 15 sur 21
Statistiques - réponses
Lettre Oeuvres Ecrivain % Correct
H Notre-Dame de Paris / Les Misérables / Ruy Blas Victor Hugo
100%
L Les Fables (Le Corbeau et le Renard ; Le Lièvre et la Tortue) Jean de La Fontaine
99%
M Le Tartuffe / Le Bourgeois gentilhomme / Le Malade imaginaire Molière
99%
Z Les Rougon-Macquart (dont Germinal) / J'Accuse Emile Zola
98%
C L'Etranger / La Peste / L'Homme révolté Albert Camus
95%
F Madame Bovary / L'Education sentimentale / Trois contes Gustave Flaubert
94%
D Le Comte de Monte-Cristo / Les Trois Mousquetaires / La Reine Margot Alexandre Dumas
93%
V Voyage au centre de la Terre / Ving mille lieues sous les mers / Le Tour du monde en quatre-vingts jours Jules Verne
93%
S Vol de nuit / Pilote de guerre / Le Petit Prince Antoine de Saint-Exupéry
92%
B Les Chouans / Le Père Goriot / Illusions perdues Honoré de Balzac
88%
P Jean de Florette / Manon des sources / La Gloire de mon père Marcel Pagnol
83%
A Alcools (recueil) / Le Pont Mirabeau / Calligrames Guillaume Apollinaire
77%
R Emile ou De l'éducation / Du contrat social / Les Rêveries du promeneur solitaire Jean-Jacques Rousseau
76%
I La Cantatrice chauve / Scène à quatre / Le roi se meurt Eugène Ionesco
74%
Y Mémoires d'Hadrien / L'Oeuvre au noir / Nouvelles orientales / (1ère femme académicienne en 1980) Marguerite Yourcenar
69%
O La Gloire de l'Empire / Au plaisir de Dieu / Histoire du Juif errant / (académicien depuis 1973) Jean d'Ormesson
43%
E Capitale de la douleur / Les Mains libres / Liberté Paul Eluard
40%
G Siegfred et le Limousin / Juliette au pays des hommes / La Guerre de Troie n'aura pas lieu Jean Giraudoux
36%
T De la démocratie en Amérique / L'Ancien Régime et la Révolution Alexis de Tocqueville
35%
N Voyage en Orient / Les Filles du feu / Odelettes Gérard de Nerval
35%
W Réflexions sur les causes de la liberté et de l'oppression sociale / L'Enracinement / Attente de Dieu Simone Weil
11%
Aucun quiz correspondant
Distribution des résultats
% des personnes avec chaque résultat
Percentile par nombre de réponses
Votre historique - résultats
Vous n’avez pas pris ce quiz